Statystyki dla Wyspy i Archipelagi Wysp w Europie

Kliknij tutaj aby rozwiązać quiz!

Ogólne statystyki

  • Ten quiz został rozwiązany 163 razy
  • Średni wynik to 11 z 27

Statystyki odpowiedzi

Wyspa:% Poprawnych
Wielka Brytania
85%
Irlandia
84%
Kreta
83%
Islandia
82%
Sardynia
76%
Sycylia
76%
Korsyka
70%
Malta
66%
Baleary
59%
Wyspy Owcze
57%
Gotlandia
48%
Bornholm
42%
Szetlandy
32%
Olandia
30%
Wyspy Alandzkie
30%
Nowa Ziemia
22%
Orkady
21%
Sarema
21%
Hebrydy
18%
Hiuma
16%
Cyklady
14%
Wyspy Jońskie
13%
Eabea
2%
Sporady Północne
2%
Sporady Południowe
2%
Wajgacz
2%
Zetlandia
2%

Rozkład punktacji

Percentyl według liczby udzielonych odpowiedzi

Procent ludzi z każdym wynikiem

Twoja historia wyników

Nie rozwiązałeś tego quizu